Μουσείο και μουσειακές σπουδές : ένας πλήρης οδηγός
Αποθηκεύτηκε σε:
| Άλλοι συγγραφείς: | |
|---|---|
| Μορφή: | Βιβλίο |
| Γλώσσα: | Greek English |
| Δημοσίευση: |
Αθήνα :
Πολιτιστικό Ίδρυμα Ομίλου Πειραιώς,
c2012.
|
| Σειρά: | Μουσειολογία
|
| Θέματα: | |
| Ετικέτες: |
Προσθήκη ετικέτας
Δεν υπάρχουν, Καταχωρήστε ετικέτα πρώτοι!
|
MARC
| LEADER | 00000cam a2200000 i 4500 | ||
|---|---|---|---|
| 001 | 1/40667 | ||
| 008 | 140123s2012 gr | ||| |||| ||gre|| | ||
| 020 | |a 9789602441558 | ||
| 035 | |l 10116429 | ||
| 040 | |a GR-MyUa |b gre |e AACR2 | ||
| 041 | 1 | |a gre |h eng | |
| 082 | 7 | |a 069 |2 (22) | |
| 245 | 0 | 0 | |a Μουσείο και μουσειακές σπουδές : |b ένας πλήρης οδηγός / |c επιστημονική επιμέλεια: Sharon Macdonald ; μετάφραση: Δήμητρα Παπαβασιλείου. |
| 260 | |a Αθήνα : |b Πολιτιστικό Ίδρυμα Ομίλου Πειραιώς, |c c2012. | ||
| 300 | |a 782 σ. : |b εικ. ; |c 24 εκ. | ||
| 490 | 1 | |a (Μουσειολογία) | |
| 500 | |a Τίτλος πρωτοτύπου: A companion to museum studies. | ||
| 504 | |a Περιλαμβάνει βιβλιογραφίες και ευρετήριο. | ||
| 650 | 0 | |a Museums |x Philosophy. | |
| 650 | 0 | |a Museums |x Social aspects. | |
| 650 | 0 | |a Museum techniques. | |
| 700 | 1 | |a Macdonald, Sharon, |e edt | |
| 765 | 0 | 8 | |i Μετάφραση του: |t A companion to museum studies / |
| 830 | 0 | |a Μουσειολογία | |
| 852 | |a INST |b LESVOS |c EUDOXUS |e 20140123 |h 069 ΜΟΥ |p 005100052640 |q 005100052640 |t EDX |y 0 | ||
| 852 | |a INST |b LESVOS |c EUDOXUS |e 20140123 |h 069 ΜΟΥ |p 005100052641 |q 005100052641 |t EDX |y 0 | ||
| 852 | |a INST |b LESVOS |c EUDOXUS |e 20150105 |h 069 ΜΟΥ |p 005100056410 |q 005100056410 |t EDX |y 0 | ||
| 852 | |a INST |b LESVOS |c EUDOXUS |e 20150105 |h 069 ΜΟΥ |p 005100056411 |q 005100056411 |t EDX |y 0 | ||
| 852 | |a INST |b LESVOS |c EUDOXUS |e 20160601 |h 069 ΜΟΥ |p 005100058091 |q 005100058091 |t EDX |y 0 | ||
| 852 | |a INST |b RHODES |e 20181001 |h 069 ΜΟΥ |p 005400028956 |q 005400028956 |t BK |y 0 | ||
| 852 | |a INST |b RHODES |c EUDOXUS |e 20210519 |h 069 ΜΟΥ |p 005400042076 |q 005400042076 |t EDX |y 0 | ||
| 852 | |a INST |b RHODES |c EUDOXUS |e 20221221 |h 069 ΜΟΥ |p 005400043195 |q 005400043195 |t EDX |y 0 | ||
| 852 | |a INST |b SYROS |e 20161116 |h 069 ΜΟΥ |p 005500012803 |q 005500012803 |t BK |y 0 | ||
| 901 | |a BIBL1-2014-1 | ||
| 901 | |a BIBL1-2015-1 | ||
| 920 | |a Εύδοξος |b Παραγγελία |y Ρόδος-ΤΜΣ |z 2021-05 | ||
| 920 | |a Εύδοξος |b Παραγγελία |y Ρόδος-ΤΜΣ |z 2022-12 | ||
| 920 | |a Εύδοξος |b Παραγγελία |y Λέσβος-ΤΠΤΕ |z 2013-12 | ||
| 920 | |a Εύδοξος |b Παραγγελία |y Λέσβος-ΤΠΤΕ |z 2014-11 | ||
| 920 | |a Δωρεά φοιτήτριας |y Λέσβος |z 2016-05 | ||
| 970 | |a Τζαφέρη |b Ευαγγελία |z 23/01/2014 | ||